00521nam a2200109 a 4500041000800000100003000008245026300038260004100301300001000342662002300352700003600375 aspa aFranco Henao, Luz Adriana aDiagnóstico y análisis de la oferta y demanda actual de tecnologías requeridas para empresas de biocomercio sostenible productoras de conservas frutales amazónicos y heliconias y follajes en la ciudad de Florencia, CaquetábInforme final pasantía aBogotá?bCorpoamazoniabIAVHc2008 a68 p. aColombiacAmazonia aMejía González, Diana4Dir.